Mata Ortiz : (Record no. 13827)
[ view plain ]
| 000 -CABECERA | |
|---|---|
| campo de control de longitud fija | 01447nam a2200349 4500 |
| 003 - IDENTIFICADOR DEL NÚMERO DE CONTROL | |
| campo de control | MX-MxINE |
| 005 - FECHA Y HORA DE LA ÚLTIMA TRANSACCIÓN | |
| campo de control | 20260530115322.0 |
| 008 - DATOS DE LONGITUD FIJA--INFORMACIÓN GENERAL | |
| campo de control de longitud fija | 260520b2024 mx a|||| |||| 00| 0 spa d |
| 020 ## - NÚMERO INTERNACIONAL ESTÁNDAR DEL LIBRO | |
| Número Internacional Estándar del Libro | 9786076951552 |
| 040 ## - FUENTE DE LA CATALOGACIÓN | |
| Centro catalogador/agencia de origen | ICI |
| Lengua de catalogación | spa |
| Centro/agencia transcriptor | ICI |
| Normas de descripción | rda |
| 041 ## - CÓDIGO DE LENGUA | |
| Código de lengua del texto/banda sonora o título independiente | spa |
| -- | eng |
| 050 ## - SIGNATURA TOPOGRÁFICA DE LA BIBLIOTECA DEL CONGRESO | |
| Número de clasificación | NK4008.M6 |
| Número de documento/Ítem | T87 2024 |
| 100 ## - ENTRADA PRINCIPAL--NOMBRE DE PERSONA | |
| Nombre de persona | Turok Wallace, Marta, |
| Término indicativo de función/relación | autor |
| 9 (RLIN) | 34590 |
| 245 ## - MENCIÓN DE TÍTULO | |
| Título | Mata Ortiz : |
| Resto del título | Juan Quezada, sueños de barro y fuego = Juan Quezada, dreams of clay and fire / |
| Mención de responsabilidad, etc. | Marta Turok Wallace ; fotografías de Ignacio Guerrero, Jorge Vertiz, Bobby Furts y John Malmin. |
| 264 ## - PRODUCCIÓN, PUBLICACIÓN, DISTRIBUCIÓN, FABRICACIÓN Y COPYRIGHT | |
| Producción, publicación, distribución, fabricación y copyright | Chihuahua, México : |
| Nombre del de productor, editor, distribuidor, fabricante | Mora Pérez Lisset Paulina, |
| Fecha de producción, publicación, distribución, fabricación o copyright | 2024 |
| 300 ## - DESCRIPCIÓN FÍSICA | |
| Extensión | 313 páginas |
| Otras características físicas | ilustraciones |
| 336 ## - TIPO DE CONTENIDO | |
| Fuente | rdacontent |
| Término de tipo de contenido | texto |
| 337 ## - TIPO DE MEDIO | |
| Fuente | rdamedia |
| Nombre/término del tipo de medio | sin medio |
| 338 ## - TIPO DE SOPORTE | |
| Fuente | rdacarrier |
| Nombre/término del tipo de soporte | volumen |
| 500 ## - NOTA GENERAL | |
| Nota general | Texto en español e inglés. |
| 520 ## - SUMARIO, ETC. | |
| Sumario, etc. | Estudio documental y fotográfico sobre la tradición cerámica de Mata Ortiz, Chihuahua, y el legado artístico de Juan Quezada Celado. |
| 600 ## - PUNTO DE ACCESO ADICIONAL DE MATERIA--NOMBRE DE PERSONA | |
| Nombre de persona | Quezada Celado, Juan, |
| Fechas asociadas al nombre | 1940-2022 |
| 9 (RLIN) | 34591 |
| 650 ## - PUNTO DE ACCESO ADICIONAL DE MATERIA--TÉRMINO DE MATERIA | |
| Término de materia o nombre geográfico como elemento de entrada | Cerámica mexicana |
| Subdivisión general | Historia |
| 9 (RLIN) | 34592 |
| 650 ## - PUNTO DE ACCESO ADICIONAL DE MATERIA--TÉRMINO DE MATERIA | |
| Término de materia o nombre geográfico como elemento de entrada | Alfarería |
| Subdivisión general | México |
| 9 (RLIN) | 34593 |
| 650 ## - PUNTO DE ACCESO ADICIONAL DE MATERIA--TÉRMINO DE MATERIA | |
| Término de materia o nombre geográfico como elemento de entrada | Arte popular |
| Subdivisión general | México. |
| 651 ## - PUNTO DE ACCESO ADICIONAL DE MATERIA--NOMBRE GEOGRÁFICO | |
| Nombre geográfico | Mata Ortiz (Chihuahua, México) |
| 9 (RLIN) | 34595 |
| 700 ## - PUNTO DE ACCESO ADICIONAL--NOMBRE DE PERSONA | |
| Nombre de persona | Guerrero, Ignacio, |
| Término indicativo de función/relación | Fotógrafo |
| 9 (RLIN) | 34596 |
| 700 ## - PUNTO DE ACCESO ADICIONAL--NOMBRE DE PERSONA | |
| Nombre de persona | Vertiz, Jorge, |
| Término indicativo de función/relación | fotógrafo. |
| 700 ## - PUNTO DE ACCESO ADICIONAL--NOMBRE DE PERSONA | |
| Nombre de persona | Furts, Bobby, |
| Término indicativo de función/relación | fotógrafo. |
| 9 (RLIN) | 34597 |
| 700 ## - PUNTO DE ACCESO ADICIONAL--NOMBRE DE PERSONA | |
| Nombre de persona | Malmin, John, |
| Término indicativo de función/relación | fotógrafo. |
| 9 (RLIN) | 34598 |
| 942 ## - ELEMENTOS DE PUNTO DE ACCESO ADICIONAL (KOHA) | |
| Fuente del sistema de clasificación o colocación | Library of Congress Classification |
| Suprimir en OPAC | 1 |
| Tipo de ítem Koha | |
No items available.